| 000 | 00538 a2200157 4500 | ||
|---|---|---|---|
| 001 | ART_24569 | ||
| 005 | 20260410161625.0 | ||
| 008 | 260409a | ||
| 245 | 1 | 0 | _aUn repaso de los principales aspectos de la NIIF para las pymes y su estado de adopción en países de América Latina y Europa |
| 100 | 1 | _aDe Vega, Raúl Ernesto | |
| 700 | 1 | _aRondi, Gustavo R. | |
| 700 | 1 | _aCasal, María del Carmen | |
| 700 | 1 | _aGalante, Marcelo J. | |
| 700 | 1 | _aGómez, Melisa | |
| 773 | 0 |
_tEnfoques _g- Nº 3 (mar. 2014) _wREV416 |
|
| 999 |
_c11911 _d11911 |
||